000 00299nam a22001337a 4500
008 181023b xxu||||| |||| 00| 0 eng d
020 _a058298654
041 _aeng
080 _a371
100 _a46
101 _aEDU
245 _aA Broadcast News Manual of Style
_cDonald.R.H
942 _2udc
_cBK
999 _c50698
_d50698